La protección de productos farmacéuticos y agroquímicos ('Productos Regulados') en DR-CAFTA /

Enregistré dans:
Détails bibliographiques
Auteur principal: Correa, Carlos
Format: Texte
Sujets:
Tags: Ajouter un tag
Pas de tags, Soyez le premier à ajouter un tag!

MARC

LEADER 00000 a a2200000 04500
001 13118
003
040
100 |a Correa, Carlos  
245 |a La protección de productos farmacéuticos y agroquímicos ('Productos Regulados') en DR-CAFTA /  |c Carlos Correa 
650 |a SALUD PUBLICA  
650 |a TLC  
650 |a ESTADOS UNIDOS  
650 |a AMERICA LATINA  
773 |g volumen 7, número 5; páginas 11-14  
999 |c 36272  |d 36272